000 00724nam a2200217Ia 4500
003 GCL
008 140319s9999 xx 000 0 ara d
040 _aGCL /
_cGCL
082 0 4 _a944.04
_bح ث
100 1 _aحسن جلال
245 1 0 _aالثورة الفرنسية /
_cحسن جلال
250 _aالثالثة
260 _aالقاهرة :
_bلجنة التأليف والترجمة والنشر ،
_c1950
300 _a294 ص ؛
_c20 سم
490 _aسلسلة المعارف العامة
_v0
650 0 4 _aفرنسا
650 0 4 _aالثورة الفرنسية
650 0 4 _aالحكم الملكى (1958-1931)
650 0 4 _aفرنسا - تاريخ - الثورةالفرنسية
942 _2ddc
_cBK
999 _c44327
_d44327